000 00513nam a2200181Ia 4500
008 100917s9999 xx 000 0 und d
082 _b61054
100 _aप्रभु सुधाकर
245 _aमोहनिया
260 _bजगताप कारले प्रकाशन
_c1970
300 _a64
365 _b2
520 _aबालविभाग
630 _aमोहनिया
650 _aबालविभाग
730 _aमोहनिया
942 _cBOOK
999 _c666448
_d666445